Normal view MARC view
  • Magnetic resonance

Entry Topical Term

Number of records used in: 1

001 - CONTROL NUMBER

  • control field: 37408

003 - CONTROL NUMBER IDENTIFIER

  • control field: OSt

005 - DATE AND TIME OF LATEST TRANSACTION

  • control field: 20150215132616.0

008 - FIXED-LENGTH DATA ELEMENTS

  • fixed length control field: 150215|| aca||babn | a|a d

040 ## - CATALOGING SOURCE

  • Original cataloging agency: OSt

150 ## - HEADING--TOPICAL TERM

  • Topical term or geographic name as entry element: Magnetic resonance

450 ## - SEE FROM TRACING--TOPICAL TERM

  • Topical term or geographic name entry element: Resonance, Magnetic

550 ## - SEE ALSO FROM TRACING--TOPICAL TERM

  • Topical term or geographic name entry element: Atoms

550 ## - SEE ALSO FROM TRACING--TOPICAL TERM

  • Topical term or geographic name entry element: Magnetic fields

550 ## - SEE ALSO FROM TRACING--TOPICAL TERM

  • Topical term or geographic name entry element: Nuclear spin